Anestézie a imobilizace /

Uložené v:
Podrobná bibliografia
Hlavní autori: Svobodník, Jaromír, 1945- (Author), Hess, Ladislav, 1948- (Author), Dvořáček, Ivan (Author)
Médium: Kniha
Jazyk:Czech
Vydané: Praha : Academia, 1988
Vydanie:1. vyd.
ISBN: (viaz.)
Fyzický popis: 254 s.
Tagy: Pridať tag
Žiadne tagy, Buďte prvý kto otaguje tento záznam!

MARC

LEADER 00000nam a2200000 a 4500
001 000183021
005 20061111084247.0
008 060420s1988 xr e 000 0 czeo
020 |a (viaz.) 
040 |a SVKKK  |b slo  |c SVKKK  |e AACR2 
041 0 |a cze 
044 |a xr  |c CZ 
100 1 |a Svobodník, Jaromír,  |d 1945-  |4 aut 
245 1 0 |a Anestézie a imobilizace /  |c Jaromír Svobodník, Ladislav Hess, Ivan Dvořáček 
250 |a 1. vyd. 
260 |a Praha :  |b Academia,  |c 1988 
300 |a 254 s. 
700 1 |a Hess, Ladislav,  |d 1948-  |4 aut 
700 1 |a Dvořáček, Ivan  |4 aut 
998 |a BK 
090 |g SCKHL  |k Sklad Pribinova prízemie  |a IV.151827  |j 782826  |i 183021-10  |s Absenčne